Gaceta de los caminos de hierro (Record no. 908)
[ view plain ]
| 000 -LEADER | |
|---|---|
| campo de control de longitud fija | 01086nas a2200325 i 4500 |
| 001 - NÚMERO DE CONTROL | |
| campo de control | 908 |
| 003 - IDENTIFICADOR DE NÚMERO DE CONTROL | |
| campo de control | ES-MaACL |
| 005 - FECHA Y HORA DE LA ÚLTIMA TRANSACCIÓN | |
| campo de control | 20250902215903.0 |
| 007 - CAMPO FIJO DE DESCRIPCIÓN FÍSICA--INFORMACIÓN GENERAL | |
| campo de control de longitud fija | t| |
| 008 - DATOS DE LONGITUD FIJA--INFORMACIÓN GENERAL | |
| campo de control de longitud fija | 950801d18561936sp w| | 1 ||pa d |
| 022 ## - NÚMERO INTERNACIONAL NORMALIZADO PARA PUBLICACIONES SERIADAS | |
| Número Internacional Normalizado para Publicaciones Seriadas | 1889-9986 |
| 080 ## - NÚMERO DE LA CLASIFICACIÓN DECIMAL UNIVERSAL | |
| Número de la Clasificación Decimal Universal | 624/627 |
| 245 00 - MENCIÓN DEL TÍTULO | |
| Título | Gaceta de los caminos de hierro |
| Resto del título | : industria, minas, seguros y sociedades de créditos / |
| Mención de responsabilidad, etc. | [fund. Francisco Javier de Bona]. |
| 260 ## - PUBLICACIÓN, DISTRIBUCIÓN, ETC. | |
| Lugar de publicación, distribución, etc. | Madrid : |
| Nombre del editor, distribuidor, etc. | Gaceta de los Caminos de Hierro, |
| Fecha de publicación, distribución, etc. | 1856-[1933] |
| 300 ## - DESCRIPCIÓN FÍSICA | |
| Extensión | 18 v. ; |
| Dimensiones | 33 cm. |
| 310 ## - PERIODICIDAD ACTUAL | |
| Periodicidad actual | Mensual |
| 321 ## - PERIODICIDAD ANTERIOR | |
| Periodicidad anterior | Semanal, |
| Fechas de la periodicidad anterior | 1856-1922 |
| 321 ## - PERIODICIDAD ANTERIOR | |
| Periodicidad anterior | Decenal, |
| Fechas de la periodicidad anterior | 1923-31 |
| 321 ## - PERIODICIDAD ANTERIOR | |
| Periodicidad anterior | Irregular, |
| Fechas de la periodicidad anterior | 1932 |
| 362 0# - FECHAS DE PUBLICACIÓN Y/O DESIGNACIÓN SECUENCIAL | |
| Fecha de publicación y/o designación secuencial | Año 1, n. 1 (abr. 1856)-(1936) |
| 530 ## - NOTA DISPONIBLE DE FORMULARIO FÍSICO ADICIONAL | |
| Nota de formato físico adicional disponible | Disponible en formato digital. |
| 650 14 - PUNTO DE ACCESO ADICIONAL DE MATERIA--TÉRMINO DE MATERIA | |
| Término de materia o nombre geográfico como elemento de entrada | Industria. Comunicaciones. |
| 9 (RLIN) | 13720 |
| 650 17 - PUNTO DE ACCESO ADICIONAL DE MATERIA--TÉRMINO DE MATERIA | |
| Término de materia o nombre geográfico como elemento de entrada | Ingeniería civil |
| Fuente del encabezamiento o término | embne |
| 9 (RLIN) | 13771 |
| 650 #4 - PUNTO DE ACCESO ADICIONAL DE MATERIA--TÉRMINO DE MATERIA | |
| Término de materia o nombre geográfico como elemento de entrada | Ferrocarriles. |
| 9 (RLIN) | 136097 |
| 700 1# - ENTRADA AGREGADA--NOMBRE PERSONAL | |
| Nombre de persona | Bona, Fracisco Javier de. |
| 9 (RLIN) | 30045 |
| 852 ## - LOCALIZACIÓN | |
| Ubicación | ES-MaACL |
| Número de control de estantería | Hem-302 |
| 856 ## - LOCALIZACIÓN Y ACCESO ELECTRÓNICOS | |
| Identificador Uniforme de Recursos | <a href="http://hemerotecadigital.bne.es/issn/1889-9986 ">http://hemerotecadigital.bne.es/issn/1889-9986 </a> |
| Nota pública | Hemeroteca Digital |
| 866 #0 - MENCIÓN TEXTUAL DE FONDOS--UNIDAD BIBLIOGRÁFICA BÁSICA | |
| Fondos | 1888-91,1893-97,1923-33. |
| Estatus retirado | Estado de pérdida | Estado de daño | No para préstamo | Colección | Biblioteca de origen | Biblioteca actual | Ubicación en estantería | Fecha de adquisición | Fuente de adquisición | Total de préstamos | Signatura topográfica completa | Código de barras | Visto por última vez | Precio de reemplazo | Tipo de ítem Koha |
|---|---|---|---|---|---|---|---|---|---|---|---|---|---|---|---|
| Colección digital | Biblioteca del Ateneo de Madrid | Biblioteca del Ateneo de Madrid | Depósito 1 | 17/01/2008 | Hem-302 | 1000924 | 23/02/2023 | 23/02/2023 | Revista |
